000 00898nam a2200229 a 4500
001 BRCA_1377
005 20190320203412.0
008 100011s1984 mx-a---##c---#000-0#spa-#
020 _a9681617487
050 4 _aF1226
_b.L96 1984
100 1 _aLyon, George Francis
_94506
245 1 0 _aResidencia en México, 1826
_bdiario de una gira con estancia en la República de México
_cG. F. Lyon ; traducción de Maria Luisa Herrera Casasús.
260 _aMéxico
_bFCE
_c1984
300 _a298 p.
_c23 cm.
440 0 _aSección de obras de historia
_94507
500 _aIncluye glosario y apéndices
500 _aTraducción de : Journal of a Residence and Tour in the Republic of Mexico in the Year 1826. John Murray, Londres, 1828
651 4 _aMéxico
_xHistoria
_ySiglo XIX
_94508
653 0 _aViajeros extranjeros en México
700 1 _aHerrera Casasús, Maria Luisa
_94509
942 _2lcc
_cB
999 _c1239
_d1239